[Event "4NCL 3 South pool B"]
[Site "Telford, ENG"]
[Date "2018.02.10"]
[Round "5.51"]
[White "Thompson, Ian D"]
[Black "Moloney, Nicholas R"]
[Result "1/2-1/2"]
[WhiteElo "2193"]
[BlackElo "2173"]
[PlyCount "107"]
[EventDate "2018.02.10"]

1. c4 Nf6 2. Nc3 e6 3. e4 d5 4. e5 d4 5. exf6 dxc3 6. bxc3 Qxf6 7. Nf3 b6 8. d4
Bb7 9. Be2 Nd7 10. O-O Bd6 11. Qa4 c6 12. c5 bxc5 13. Bg5 Qf5 14. Rab1 Nb6 15.
Qa5 cxd4 16. Qxf5 exf5 17. Nxd4 h6 18. Be3 g6 19. Nb3 O-O-O 20. Na5 c5 21. Nxb7
Kxb7 22. Rb5 f4 23. Bxc5 Bxc5 24. Rxc5 Rc8 25. Ra5 Rxc3 26. Re1 Rc7 27. h4 Kb8
28. Ba6 Rd8 29. Rb5 Rcd7 30. a4 Rd1 31. Kf1 Rxe1+ 32. Kxe1 Rd4 33. a5 Ra4 34.
Rc5 Ra3 35. h5 gxh5 36. axb6 Rxa6 37. bxa7+ Rxa7 38. Rf5 Re7+ 39. Kf1 Kc7 40.
Rxh5 Re6 41. Rf5 41... Re7 $11 42. Rxf4 Kd6 43. Rf6+ Ke5 44. Rxh6 Kf5 45. f3
Kg5 46. Ra6 Rb7 47. Kf2 Rb2+ 48. Kg3 Rb3 49. Ra8 f5 50. Rg8+ Kf6 51. Kh4 Rb1
52. Ra8 Rh1+ 53. Kg3 Rb1 54. Ra6+ 1/2-1/2

[Event "4NCL 3 South pool B"]
[Site "Telford, ENG"]
[Date "2018.02.10"]
[Round "5.52"]
[White "Okhai, Shabir"]
[Black "Farrand, Tom"]
[Result "1/2-1/2"]
[WhiteElo "2087"]
[BlackElo "2163"]
[PlyCount "30"]
[EventDate "2018.02.10"]

1. e4 c5 2. Nf3 e6 3. d4 cxd4 4. Nxd4 Nf6 5. Bd3 Nc6 6. Nxc6 dxc6 7. Nd2 Qc7 8.
Nc4 e5 9. O-O Be6 10. Qe2 Rd8 11. Ne3 Bc5 12. Nf5 Bxf5 13. exf5 O-O 14. Bg5 Be7
15. Rfe1 Rfe8 1/2-1/2

[Event "4NCL 3 South pool B"]
[Site "Telford, ENG"]
[Date "2018.02.10"]
[Round "5.53"]
[White "Frostick, Clive A"]
[Black "Agnew, Alan"]
[Result "1/2-1/2"]
[WhiteElo "2148"]
[BlackElo "2100"]
[PlyCount "47"]
[EventDate "2018.02.10"]

1. e4 c6 2. Nc3 d5 3. Nf3 Bg4 4. h3 Bxf3 5. Qxf3 Nf6 6. d4 e6 7. Bg5 Be7 8.
O-O-O dxe4 9. Nxe4 Nbd7 10. Kb1 Nxe4 11. Bxe7 Qxe7 12. Qxe4 Nf6 13. Qh4 O-O-O
14. Be2 c5 15. Bf3 h6 16. Qf4 c4 17. c3 Qc7 18. Qxc7+ Kxc7 19. Rhe1 Nd5 20. g3
Rd6 21. Re5 Rhd8 22. Rde1 b5 23. Kc2 a5 24. Bxd5 1/2-1/2

[Event "4NCL 3 South pool B"]
[Site "Telford, ENG"]
[Date "2018.02.10"]
[Round "5.54"]
[White "Millward, Kevin P"]
[Black "Amato, Giampiero"]
[Result "0-1"]
[WhiteElo "2036"]
[BlackElo "2094"]
[PlyCount "130"]
[EventDate "2018.02.10"]

1. d4 Nf6 2. Bf4 g6 3. e3 Bg7 4. Nf3 O-O 5. Be2 d6 6. O-O Nc6 7. h3 Nd7 8. c4
e5 9. Bg3 exd4 10. exd4 Nf6 11. Nc3 d5 12. Nb5 Ne8 13. cxd5 Qxd5 14. Ne5 Nxe5
15. dxe5 Be6 16. Qxd5 Bxd5 17. Rfd1 c6 18. Nc3 Be6 19. Ne4 Nc7 20. Nc5 Nd5 21.
a3 Rab8 22. Bf3 Rfd8 23. Rac1 Bh6 24. Rc2 Bf8 25. Ne4 Be7 26. Rcd2 Rbc8 27. Nd6
Rc7 28. b4 Rcd7 29. Rc2 Nb6 30. Rcc1 Bb3 31. Rd3 Bd5 32. Bxd5 Nxd5 33. b5 Bf8
34. bxc6 bxc6 35. Rxc6 Ne7 36. Ra6 Nf5 37. Bh2 Rb8 38. Bf4 Rb1+ 39. Kh2 Rb2 40.
Rd2 Rxd2 41. Bxd2 Nxd6 42. exd6 Rxd6 43. Rxd6 Bxd6+ 44. Kg1 Bxa3 45. Kf1 Kf8
46. Ke2 Bc5 47. f3 Ke7 48. Kd3 Kd6 49. Kc4 Kc6 50. g4 Bf2 51. Bb4 Be3 52. Be1
Bf4 53. Bf2 a6 54. Bc5 Bd2 55. Be7 a5 56. Bf8 Bf4 57. Bg7 Bd6 58. Bc3 a4 59.
Bd4 Ba3 60. Be3 Bb2 61. Bf2 a3 62. Kb3 Kd5 63. Be3 Bd4 64. Bc1 Bc5 65. Kc3 a2
0-1

[Event "4NCL 3 South pool B"]
[Site "Telford, ENG"]
[Date "2018.02.10"]
[Round "5.55"]
[White "Fegan, Chris"]
[Black "George, Matthew P"]
[Result "1-0"]
[WhiteElo "2034"]
[BlackElo "2017"]
[PlyCount "71"]
[EventDate "2018.02.10"]

1. e4 d5 2. exd5 Qxd5 3. Nf3 Bg4 4. Be2 Nc6 5. c4 Qd7 6. h3 Bxf3 7. Bxf3 Qe6+
8. Qe2 Qxe2+ 9. Bxe2 Nd4 10. Bd1 g6 11. Nc3 Bg7 12. d3 O-O-O 13. Be3 e6 14. O-O
Ne7 15. Rb1 Nec6 16. Bg5 f6 17. Be3 f5 18. Bg5 Rd7 19. Ba4 $11 19... Rf7 20. f4
h6 21. Bh4 Rg8 22. Rbe1 Nb4 23. Re3 Bf8 24. a3 g5 25. fxg5 hxg5 26. Bf2 Na6 27.
Re5 Bg7 28. Bxd4 Bxe5 29. Bxe5 g4 30. h4 Nc5 31. d4 Nd3 32. Bc2 Nxb2 33. c5 Nc4
34. Bb3 Nxe5 35. Bxe6+ Rd7 36. dxe5 1-0

[Event "4NCL 3 South pool B"]
[Site "Telford, ENG"]
[Date "2018.02.10"]
[Round "5.56"]
[White "Dydak, Mateusz"]
[Black "Scrimgour, Alan"]
[Result "0-1"]
[WhiteElo "1893"]
[BlackElo "2078"]
[PlyCount "72"]
[EventDate "2018.02.10"]

1. f4 c5 2. Nf3 Nc6 3. e4 e6 4. Nc3 d5 5. d3 g6 6. g3 Bg7 7. Bg2 Nge7 8. O-O
O-O 9. Qe2 d4 10. Nd1 b6 11. Nf2 Bb7 12. g4 Qd7 13. Bd2 Rae8 14. g5 f5 15. gxf6
Bxf6 16. Bh3 Bc8 17. Ng5 Nd8 18. e5 Bg7 19. Nfe4 Nf5 20. Bxf5 exf5 21. Ng3 Bb7
22. h4 Ne6 23. Nxe6 Rxe6 24. Kh2 Qd5 25. Rg1 a6 26. a4 Rf7 27. Nh1 Rfe7 28. Nf2
Bf6 29. h5 Bxe5 30. fxe5 Rxe5 31. Qf1 Re2 32. Be1 R7e3 33. Rg3 Qe5 34. Qg1 Rxe1
35. Rxe1 Rxe1 36. Qxe1 Qxe1 0-1

[Event "4NCL 3 South pool B"]
[Site "Telford, ENG"]
[Date "2018.02.10"]
[Round "5.61"]
[White "Friedgood, David"]
[Black "Mihalik, Agoston"]
[Result "1/2-1/2"]
[WhiteElo "2206"]
[BlackElo "2157"]
[PlyCount "86"]
[EventDate "2018.02.10"]

1. c4 c5 2. Nf3 Nc6 3. g3 g6 4. Bg2 Bg7 5. O-O e6 6. e3 Nge7 7. d4 cxd4 8. exd4
d5 9. Nc3 dxc4 10. Qa4 O-O 11. Rd1 Bd7 12. Qxc4 Rc8 13. Qe2 Nb4 14. Bg5 Bc6 15.
d5 Nbxd5 16. Nxd5 Bxd5 17. Rxd5 exd5 18. Qxe7 Qxe7 19. Bxe7 Rfe8 20. Ba3 Rc2
21. Ne1 Bxb2 22. Nxc2 Bxa1 23. Bxd5 Bc3 24. Ne3 b6 25. Kg2 Kg7 26. Kf3 b5 27.
Bc5 a5 28. g4 h6 29. h4 Bf6 30. Kg3 Rc8 31. Bb6 a4 32. f4 Kf8 33. g5 hxg5 34.
hxg5 Be7 35. Kf3 Rc3 36. Ke4 b4 37. Bd4 Rc1 38. Kd3 Bd6 39. f5 Bf4 40. fxg6
fxg6 41. Nc2 b3 42. axb3 axb3 43. Bxb3 Bxg5 1/2-1/2

[Event "4NCL 3 South pool B"]
[Site "Telford, ENG"]
[Date "2018.02.10"]
[Round "5.62"]
[White "Truran, Michael C"]
[Black "Fraser-Mitchell, Jeremy N"]
[Result "1/2-1/2"]
[WhiteElo "2172"]
[BlackElo "2091"]
[PlyCount "38"]
[EventDate "2018.02.10"]

1. d4 Nf6 2. c4 c5 3. d5 e5 4. Nc3 d6 5. e4 Be7 6. g3 Nbd7 7. Bg2 O-O 8. Nge2
a6 9. a4 Ne8 10. O-O Rb8 11. Rb1 Nc7 12. b4 cxb4 13. Rxb4 Nc5 14. Be3 Ne8 15.
Qc2 g6 16. f4 f5 17. Bh3 Ng7 18. Bxc5 dxc5 19. Rbb1 Bd6 1/2-1/2

[Event "4NCL 3 South pool B"]
[Site "Telford, ENG"]
[Date "2018.02.10"]
[Round "5.63"]
[White "Tippleston, Charles E"]
[Black "Onslow, Alfie"]
[Result "1/2-1/2"]
[WhiteElo "2086"]
[BlackElo "2177"]
[PlyCount "70"]
[EventDate "2018.02.10"]

1. e4 c5 2. Nf3 e6 3. c3 Nf6 4. e5 Nd5 5. d4 cxd4 6. cxd4 d6 7. a3 Nc6 8. Bd3
Be7 9. O-O Qb6 10. Nc3 Nxc3 11. bxc3 dxe5 12. dxe5 Bd7 13. Qe2 Rc8 14. Bd2 a6
15. Rfe1 Qc7 16. Qe4 Na5 17. Qg4 Bf8 18. Rab1 b5 19. Ng5 h5 20. Qf4 Bc6 21.
Rbd1 Bd5 22. a4 Nc4 23. axb5 axb5 24. Be3 Qb7 25. Rb1 Bc5 26. Bxc5 Rxc5 27. Ne4
Bxe4 28. Bxe4 Qc7 29. Ra1 O-O 30. Bf3 g6 31. Bxh5 Rxe5 32. Rxe5 Qxe5 33. Qxe5
Nxe5 34. Be2 Rc8 35. Bxb5 Rxc3 1/2-1/2

[Event "4NCL 3 South pool B"]
[Site "Telford, ENG"]
[Date "2018.02.10"]
[Round "5.64"]
[White "Martin, Lewis"]
[Black "Smith, Graham"]
[Result "1-0"]
[WhiteElo "2067"]
[BlackElo "2042"]
[PlyCount "33"]
[EventDate "2018.02.10"]

1. e4 d6 2. d4 Nf6 3. Nc3 Nbd7 4. f4 e5 5. Nf3 exd4 6. Nxd4 g6 7. Be2 Bg7 8.
O-O O-O 9. Bf3 c6 10. Be3 Re8 11. Re1 Nc5 12. e5 Nd5 13. Nxd5 cxd5 14. Nb5 dxe5
15. Bxc5 e4 16. Nd6 Re6 17. Nxe4 1-0

[Event "4NCL 3 South pool B"]
[Site "Telford, ENG"]
[Date "2018.02.10"]
[Round "5.65"]
[White "Freeman, Richard C P"]
[Black "Headlong, Timothy"]
[Result "1/2-1/2"]
[WhiteElo "2014"]
[BlackElo "2130"]
[PlyCount "36"]
[EventDate "2018.02.10"]

1. e4 c5 2. Nc3 Nc6 3. Bb5 Nd4 4. Bc4 a6 5. d3 e6 6. Nge2 b5 7. Bb3 Nxb3 8.
axb3 Bb7 9. O-O Nf6 10. f4 d5 11. e5 Nd7 12. d4 g6 13. Be3 Rc8 14. dxc5 Nxc5
15. Nd4 Be7 16. Qe1 h5 17. Rf3 Qc7 18. Rh3 Rg8 1/2-1/2

[Event "4NCL 3 South pool B"]
[Site "Telford, ENG"]
[Date "2018.02.10"]
[Round "5.66"]
[White "Tucker, David S"]
[Black "Elwin, Adrian G"]
[Result "1-0"]
[WhiteElo "2020"]
[BlackElo "2012"]
[PlyCount "77"]
[EventDate "2018.02.10"]

1. e4 c6 2. Nc3 d5 3. Nf3 Bg4 4. h3 Bxf3 5. Qxf3 e6 6. d3 Nd7 7. g3 Bb4 8. Bd2
Ne7 9. a3 Ba5 10. exd5 cxd5 11. Bg2 Nc6 12. O-O O-O 13. b4 Bb6 14. Na4 Bd4 15.
c3 Bf6 16. d4 b5 17. Nb2 Nb6 18. Qe2 a6 19. f4 Rc8 20. Be3 Ne7 21. Rfc1 Nc4 22.
g4 g6 23. a4 Qb6 24. Bf2 Rc6 25. axb5 axb5 26. Nd3 Qc7 27. Bg3 Bg7 28. Kh2 f5
29. Nc5 Qd6 30. Ra7 Nb6 31. Qxb5 Nec8 32. Ra6 g5 33. Rf1 gxf4 34. Rxf4 e5 35.
Rxf5 Rxf5 36. gxf5 Bf6 37. Qe2 Qe7 38. dxe5 Bh4 39. Qg4+ 1-0

[Event "4NCL 3 South pool B"]
[Site "Telford, ENG"]
[Date "2018.02.10"]
[Round "5.71"]
[White "Josse, Mark"]
[Black "McKenna, Jason P"]
[Result "1-0"]
[WhiteElo "2161"]
[BlackElo "2109"]
[PlyCount "69"]
[EventDate "2018.02.10"]

1. c4 g6 2. e4 Bg7 3. d4 d6 4. Nc3 Nf6 5. h3 O-O 6. Nf3 e5 7. d5 Na6 8. Nd2 c6
9. Be2 Bd7 10. Rb1 c5 11. a3 Ne8 12. h4 h6 13. h5 g5 14. Bg4 Qc8 15. Bxd7 Qxd7
16. Nf1 f5 17. exf5 Qxf5 18. Be3 Nac7 19. Ng3 Qd7 20. Qd3 a6 21. b4 b6 22. bxc5
bxc5 23. Rb6 Rf7 24. Nce4 Bf8 25. O-O Ng7 26. Rfb1 Nf5 27. Nxf5 Qxf5 28. Rb7
Ne8 29. Rxf7 Qxf7 30. Ng3 Ng7 31. Qg6 Qxg6 32. hxg6 Be7 33. Rb7 Kf8 34. Kf1 h5
35. Ne4 1-0

[Event "4NCL 3 South pool B"]
[Site "Telford, ENG"]
[Date "2018.02.10"]
[Round "5.72"]
[White "Alizada, Eldar"]
[Black "Byron, Alan M"]
[Result "1/2-1/2"]
[WhiteElo "2140"]
[BlackElo "2126"]
[PlyCount "99"]
[EventDate "2018.02.10"]

1. d4 Nf6 2. c4 g6 3. Nc3 Bg7 4. e4 d6 5. f3 O-O 6. Be3 Nc6 7. Bd3 e5 8. d5 Nd4
9. Nge2 c5 10. dxc6 Nxc6 11. O-O Be6 12. b3 Nh5 13. Qd2 f5 14. exf5 gxf5 15.
Bg5 Bf6 16. Bh6 Rf7 17. Rad1 Qe8 18. Bb1 Rd7 19. Nd5 Bd8 20. g4 Ng7 21. gxf5
Bxf5 22. Kh1 Bxb1 23. Rxb1 Qe6 24. Rg1 Kh8 25. Rxg7 Rxg7 26. Bxg7+ Kxg7 27.
Rg1+ Kh8 28. f4 Ne7 29. Nec3 Ng6 30. Qf2 Qf5 31. Rf1 exf4 32. Nxf4 Bb6 33.
Nxg6+ Qxg6 34. Qg2 Rg8 35. Qxg6 Rxg6 36. Nd5 Bd4 37. Rd1 Be5 38. Rd2 Rg4 39.
Ne7 Rf4 40. Nc8 Re4 41. Nxa7 Bf4 42. Rc2 Kg7 43. Nb5 Kf6 44. Kg2 Be5 45. h3 Re3
46. Rf2+ Ke7 47. Rf3 Re2+ 48. Rf2 Re3 49. Rf3 Re2+ 50. Rf2 1/2-1/2

[Event "4NCL 3 South pool B"]
[Site "Telford, ENG"]
[Date "2018.02.10"]
[Round "5.73"]
[White "Piper, Stephen J"]
[Black "Healey, Michael W"]
[Result "0-1"]
[WhiteElo "2059"]
[BlackElo "2142"]
[PlyCount "78"]
[EventDate "2018.02.10"]

1. c4 e5 2. Nc3 Nf6 3. g3 c6 4. d4 exd4 5. Qxd4 Na6 6. Bg2 Bc5 7. Qd1 O-O 8.
Nh3 Nc7 9. Nf4 d6 10. O-O a6 11. Ne4 Nxe4 12. Bxe4 f5 13. Bg2 Qf6 14. Rb1 a5
15. b3 Rd8 16. Bb2 Qf7 17. e3 Ne6 18. Nd3 Bb6 19. h4 Bd7 20. Qc2 Rf8 21. Rbd1
Rad8 22. Rd2 Qe7 23. Rfd1 Be8 24. Bf3 Bg6 25. Qc3 Rf6 26. b4 Bf7 27. bxa5 Ba7
28. a6 bxa6 29. Bxc6 Bh5 30. Re1 Rg6 31. Bg2 Kh8 32. Nb4 Rc8 33. Nd5 Qf7 34.
Rc2 Bc5 35. Qa5 f4 36. exf4 Rxg3 37. Rce2 Qg6 38. Ne3 Rxg2+ 39. Nxg2 Bf3 0-1

[Event "4NCL 3 South pool B"]
[Site "Telford, ENG"]
[Date "2018.02.10"]
[Round "5.74"]
[White "Hadi, Justin"]
[Black "Compton, Alistair"]
[Result "1/2-1/2"]
[WhiteElo "1997"]
[BlackElo "2082"]
[PlyCount "174"]
[EventDate "2018.02.10"]

1. d4 d5 2. Bf4 Nf6 3. e3 c5 4. c3 Nc6 5. Nd2 cxd4 6. exd4 Bf5 7. Ngf3 e6 8.
Nh4 Be4 9. f3 Bg6 10. Nxg6 hxg6 11. Bg5 Bd6 12. f4 Qc7 13. Qf3 Nh5 14. g3 f6
15. Bd3 Qf7 16. h4 fxg5 17. hxg5 O-O-O 18. O-O-O Rhf8 19. Bxg6 Qxg6 20. Qxh5
Qxh5 21. Rxh5 Rh8 22. Rdh1 Rxh5 23. Rxh5 Ne7 24. Rh2 Kd7 25. Nf1 Nf5 26. Rh7
Nxg3 27. Rxg7+ Kc6 28. Nxg3 Bxf4+ 29. Kc2 Bxg3 30. Re7 Bd6 31. Rxe6 Rg8 32. g6
Kd7 33. Rf6 Be7 34. Rf5 Kd6 35. Rf2 Rxg6 36. Rh2 Kc6 37. Kb3 Bd6 38. Rc2 b5 39.
a3 a5 40. Rf2 b4 41. axb4 axb4 42. Rf3 Rg4 43. Rf5 bxc3 44. bxc3 Rg7 45. Rh5
Rb7+ 46. Kc2 Rb5 47. Rh6 Kd7 48. Rh5 Kc6 49. Rh6 Ra5 50. Kb3 Ra1 51. Rg6 Rh1
52. Kc2 Rh5 53. Kb3 Kd7 54. Kc2 Be7 55. Ra6 Bd6 56. Ra5 Ke6 57. Ra6 Rh6 58. Ra5
Rh2+ 59. Kb3 Rh3 60. Kc2 Rf3 61. Ra6 Rf6 62. Ra5 Rf2+ 63. Kb3 Bf4 64. Ra6+ Kf5
65. Rc6 Ke4 66. Rc5 Be3 67. Rc8 Kd3 68. Rc5 Ke4 69. Rc8 Bxd4 70. cxd4 Kxd4 71.
Rd8 Ke4 72. Rd7 d4 73. Rh7 Ke3 74. Rh3+ Rf3 75. Rh2 Kd3 76. Rg2 Re3 77. Rh2 Re8
78. Rh3+ Ke2 79. Rh2+ Kd3 80. Rh3+ Re3 81. Rh2 Rg3 82. Rh1 Ke2+ 83. Kc4 d3 84.
Rh2+ Ke3 85. Kc3 Rf3 86. Rg2 Rh3 87. Rd2 Ke4 1/2-1/2

[Event "4NCL 3 South pool B"]
[Site "Telford, ENG"]
[Date "2018.02.10"]
[Round "5.75"]
[White "Jaszkiwskyj, Peter"]
[Black "Burrows, Nick"]
[Result "1-0"]
[WhiteElo "1924"]
[BlackElo "2057"]
[PlyCount "97"]
[EventDate "2018.02.10"]

1. d4 f5 2. Bg5 g6 3. Nc3 Bg7 4. e4 fxe4 5. Nxe4 d5 6. Ng3 c5 7. Nf3 cxd4 8.
Nxd4 Qa5+ 9. c3 a6 10. Be2 h6 11. Be3 e5 12. Nb3 Qd8 13. O-O Ne7 14. Bg4 Nbc6
15. Nc5 O-O 16. Be6+ Kh7 17. Qg4 b6 18. Bxc8 Qxc8 19. Qxc8 Rfxc8 20. Nd7 d4 21.
Bd2 Rd8 22. Nxb6 Rab8 23. Na4 Nd5 24. cxd4 exd4 25. Rfd1 Ncb4 26. Bxb4 Nxb4 27.
a3 Nd5 28. Nc5 Re8 29. Nd3 Rb3 30. Rac1 h5 31. Rc5 Nb6 32. Rc6 h4 33. Nf1 Na4
34. Rc7 Kh6 35. Rd2 Reb8 36. Ra7 R8b6 37. h3 Bf6 38. g3 hxg3 39. Nxg3 Bg5 40.
Rd1 Nxb2 41. Nxb2 Rxb2 42. Rxd4 Ra2 43. Rdd7 Rb1+ 44. Kg2 Be3 45. Rh7+ Kg5 46.
Ne4+ Kf5 47. Rae7 g5 48. Rhf7+ Kg6 49. Rf6+ 1-0

[Event "4NCL 3 South pool B"]
[Site "Telford, ENG"]
[Date "2018.02.10"]
[Round "5.76"]
[White "Duggan, Christopher"]
[Black "Gibson, Christopher A"]
[Result "0-1"]
[WhiteElo "2029"]
[BlackElo "1895"]
[PlyCount "42"]
[EventDate "2018.02.10"]

1. e4 e5 2. Nf3 Nc6 3. Bb5 f5 4. Nc3 fxe4 5. Nxe4 Nf6 6. Nxf6+ Qxf6 7. Qe2 Be7
8. Bxc6 dxc6 9. Nxe5 O-O 10. O-O Be6 11. d4 c5 12. Be3 cxd4 13. Bxd4 Bd6 14.
Rad1 Rae8 15. Rfe1 Qh4 16. b3 Bd5 17. Bb2 Bxe5 18. Bxe5 Rxe5 19. Qd2 Rg5 20. g3
Bf3 21. Re5 Qh3 0-1

[Event "4NCL 3 South pool B"]
[Site "Telford, ENG"]
[Date "2018.02.10"]
[Round "5.81"]
[White "Steele, Rhys"]
[Black "Howell, Chris I"]
[Result "1/2-1/2"]
[WhiteElo "2064"]
[BlackElo "2012"]
[PlyCount "44"]
[EventDate "2018.02.10"]

1. d4 Nf6 2. c4 g6 3. Nc3 Bg7 4. e4 d6 5. Bd3 Nbd7 6. Nge2 e5 7. d5 Nc5 8. Bc2
a5 9. O-O O-O 10. f3 Ne8 11. Be3 f5 12. exf5 gxf5 13. f4 Qh4 14. Qe1 Qxe1 15.
Raxe1 e4 16. Nd4 Nf6 17. h3 Bd7 18. Ncb5 Na6 19. a3 Rae8 20. Rb1 Rf7 21. b4
axb4 22. axb4 Kh8 1/2-1/2

[Event "4NCL 3 South pool B"]
[Site "Telford, ENG"]
[Date "2018.02.10"]
[Round "5.82"]
[White "Salmons, Calum"]
[Black "Humphreys, Jerry G"]
[Result "1-0"]
[WhiteElo "2035"]
[BlackElo "2035"]
[PlyCount "49"]
[EventDate "2018.02.10"]

1. e4 c5 2. Nc3 Nc6 3. f4 g6 4. Nf3 Bg7 5. d3 d6 6. Be3 e6 7. d4 cxd4 8. Nxd4
a6 9. Nxc6 bxc6 10. Bd4 e5 11. fxe5 c5 12. Bf2 Bxe5 13. Bc4 Ne7 14. O-O O-O 15.
Qd3 Be6 16. Rad1 Bxc4 17. Qxc4 Qb8 18. b3 Bxh2+ 19. Kh1 Be5 20. Be3 Qc8 21. Bh6
Qg4 22. Rd3 d5 23. Nxd5 Nxd5 24. Qxd5 Qe2 25. Rdf3 1-0

[Event "4NCL 3 South pool B"]
[Site "Telford, ENG"]
[Date "2018.02.10"]
[Round "5.83"]
[White "Davies, Matthew"]
[Black "Graham, William M"]
[Result "1-0"]
[WhiteElo "2006"]
[BlackElo "1905"]
[PlyCount "69"]
[EventDate "2018.02.10"]

1. d4 Nf6 2. c4 g6 3. Nc3 Bg7 4. e4 d6 5. Nf3 O-O 6. Be2 e5 7. O-O Nc6 8. d5
Ne7 9. Nd2 Ne8 10. b4 f5 11. a4 Rf7 12. Ba3 Bf8 13. Rc1 Rg7 14. c5 g5 15. Qb3
g4 16. cxd6 cxd6 17. exf5 Nxf5 18. Bd3 Nd4 19. Qd1 Nf6 20. Nde4 Nh5 21. Ne2 Nf5
22. b5 Nf6 23. Rc3 Nxe4 24. Bxe4 Nh4 25. Qc2 Bd7 26. Rc7 Rb8 27. Ng3 a6 28. b6
Qe8 29. a5 Ng6 30. Nf5 Bxf5 31. Bxf5 Ne7 32. Be6+ Kh8 33. Qb3 Ng6 34. Rxg7 Bxg7
35. Bxd6 1-0

[Event "4NCL 3 South pool B"]
[Site "Telford, ENG"]
[Date "2018.02.10"]
[Round "5.84"]
[White "Batchelor, Paul A"]
[Black "Jukes, Sam"]
[Result "1-0"]
[WhiteElo "1922"]
[BlackElo "1899"]
[PlyCount "59"]
[EventDate "2018.02.10"]

1. d4 Nf6 2. c4 e6 3. Nc3 Bb4 4. f3 d5 5. a3 Bxc3+ 6. bxc3 O-O 7. e3 b6 8. cxd5
exd5 9. Bd3 Re8 10. Ne2 c5 11. O-O Ba6 12. Ng3 Bxd3 13. Qxd3 Nc6 14. Ra2 Rc8
15. Re2 Qd7 16. Rd1 cxd4 17. cxd4 g6 18. Bd2 h5 19. Nh1 b5 20. Be1 Rb8 21. Bg3
Rb7 22. Bh4 Kg7 23. e4 Re6 24. e5 Ng8 25. f4 Nge7 26. Ng3 b4 27. axb4 Rxb4 28.
Qe3 Nf5 29. Nxf5+ gxf5 30. Bf6+ 1-0

[Event "4NCL 3 South pool B"]
[Site "Telford, ENG"]
[Date "2018.02.10"]
[Round "5.85"]
[White "Fowler, Hugo"]
[Black "Sutton, Daniel"]
[Result "0-1"]
[WhiteElo "1921"]
[BlackElo "1960"]
[PlyCount "82"]
[EventDate "2018.02.10"]

1. e4 e5 2. Nf3 Nc6 3. Bc4 Bc5 4. c3 Nf6 5. d3 a6 6. Bb3 Ba7 7. Nbd2 d6 8. Nf1
O-O 9. Ng3 Ne7 10. Bg5 Ng6 11. Nh5 Qe7 12. Qd2 Bg4 13. Nxf6+ gxf6 14. Bh6 Rfe8
15. h4 Kh8 16. h5 Nf8 17. Rh4 Bxf3 18. gxf3 Ne6 19. Rg4 Rg8 20. O-O-O Rxg4 21.
fxg4 Rg8 22. Rg1 Ng5 23. Rg3 c6 24. a3 b5 25. Bxg5 fxg5 26. Rf3 Rf8 27. Rf5 h6
28. Qc2 f6 29. Ba2 Kg7 30. Qb3 Rd8 31. Qb4 Bb6 32. a4 Qa7 33. axb5 axb5 34. Qb3
d5 35. Qa3 Qxa3 36. bxa3 dxe4 37. dxe4 Rd3 38. Kc2 Rh3 39. f3 Rh2+ 40. Kb3 c5
41. Bb1 c4+ 0-1

[Event "4NCL 3 South pool B"]
[Site "Telford, ENG"]
[Date "2018.02.10"]
[Round "5.86"]
[White "Ifalore, Michael"]
[Black "Hassall, Mark I"]
[Result "1-0"]
[WhiteElo "1912"]
[BlackElo "1949"]
[PlyCount "89"]
[EventDate "2018.02.10"]

1. d4 e6 2. Bf4 b6 3. e3 Bb7 4. Nf3 f5 5. Bd3 Nf6 6. O-O Be7 7. h3 O-O 8. Nbd2
c5 9. c3 d5 10. dxc5 Bxc5 11. c4 Nc6 12. Qe2 Qe7 13. Bh2 g6 14. a3 Rad8 15.
cxd5 exd5 16. b4 Bd6 17. Bxd6 Qxd6 18. Rfd1 Qe7 19. Nb3 Rfe8 20. Qa2 Ne5 21.
Nxe5 Qxe5 22. Nd4 Ne4 23. Rac1 Rc8 24. Bxe4 fxe4 25. Nb5 a6 26. Nd4 Red8 27.
Qb3 Qd6 28. Ne2 Rxc1 29. Rxc1 Rc8 30. Rxc8+ Bxc8 31. Qc3 Bd7 32. Nd4 Qe5 33.
Ne2 Qxc3 34. Nxc3 Bc6 35. a4 b5 36. a5 Kf7 37. Ne2 Kf6 38. Nd4 Bd7 39. Kh2 g5
40. Kg3 h5 41. h4 gxh4+ 42. Kxh4 Kg6 43. Ne2 Bg4 44. Nf4+ Kf5 45. Nxd5 1-0